| 000 | 00870nam a22002652 4500 | ||
|---|---|---|---|
| 001 | 0000004146 | ||
| 005 | 20151217145756.0 | ||
| 008 | 070521s xx 000 0 eng d | ||
| 020 |
_a0072130903 : _cKES 500 (donation) |
||
| 040 |
_aKABU _cKABU |
||
| 050 | 0 |
_aQA76.76 _b.C68H37 |
|
| 100 | 1 |
_aHarley, David. _@0000154557 |
|
| 245 | 1 | 0 |
_aViruses revealed / _cDavid Harley, Robert Slade, Urs Gattiker. |
| 260 |
_aBerkeley, Calif : _bOsborne/McGraw-Hill, _cc2001. |
||
| 300 |
_axxxvi, 683 p. ; _c24 cm. |
||
| 500 | _aIncludes index. | ||
| 650 | 0 |
_aComputer viruses. _@0000121415 |
|
| 650 | 0 |
_aComputer security. _@0000148177 |
|
| 700 | 1 |
_aSlade, Robert. _@0000154558 |
|
| 700 | 1 |
_aGattiker, Urs E. _@0000154559 |
|
| 908 | _a070521 | ||
| 950 | _@1 | ||
| 999 |
_c2488 _d2488 |
||